1453 1859 1599 1482 1965 1366 1789 1654 1583 1299 1194 1567 1891 1173 1529 1729 1997 1152 1711 1161 1810 1061 1996 1145 1346 1183 1011 1760 1098 1186 1315 1610 1503 1908 1397 1890 1597 1806 1667 1170 1396 1552 1104 1309 1246 1831 1411 1873 1203 1128 1849 1808 1970 1037 1565 1649 1562 1368 1514 1870 1173 1320 1140 1498 1974 1944 1645 1267 1365 1251 1513 1892 1101 1741 1939 1375 1309 1696 1890 1794 1821 1685 1489 1080 1257 1786 1232 1845 1938 1950 1195 1987 1020 1955 1878 1773 1485 1164 1410 BCNSPRNW ULIB Ver.6.0+V

เปลี่ยนเป็นภาษาไทย

Change to English
 แสดงรายละเอียดบรรณานุกรม
  กลับหน้าหลัก

Brief Record : Get Marc (ISO 2709) : E-mail record : QR code < ปิดหน้าต่าง
LEADER : 00000nam 2200000uu 4500
001    13399122124
003     ULIB
008    121228s2550||||th 000 0 tha d
020    ^a9789744750280
090    ^aนว.^bม456จ
100    ^aมาร์ก เลอวี^eเขียน
245    ^aเจ็ดวันเพื่อหนึ่งนิรันดร /^cมาร์ก เลอวี^eเขียน
260    ^aกรุงเทพฯ :^bแพรวสำนักพิมพ์,^c2550
300    ^a219 หน้า
700    ^aอธิชา ปัญชุนากร^eแปล
945    ^p170^l0^i021049
999    ^aใช้งานได้ทุกระบบ
รายการนี้ยังไม่มีแท็ก
คุณยังไม่ได้ล็อกอิน คุณสามารถมีกิจกรรมร่วมกับเว็บไซต์ได้ แต่ต้องล็อกอินก่อน ::
  ล็อกอิน

รายการสื่อสารสนเทศ

ลำดับที่ ประเภท เลขเรียก/บาร์โค้ด สถานที่ สถานะ
1. นวนิยาย
นวนิยาย
นว. ม456จ  
  Barcode: 021049
ห้องสมุดวิทยาเขตสวรรค์ประชารักษ์
►นวนิยาย
บนชั้น
  ขอยืม

BibComment


ยังไม่เคยถูกคอมเมนท์

คอมเมนท์ทรัพยากรรายการนี้
  คอมเมนท์: เจ็ดวันเพื่อหนึ่..


 Copyright 2026. Bcnsprnw @Library